000 01035nam0a22002771 4500
001 rc\1114511
005 20250622182817.0
035 _a(NLR Aleph) 006358247
090 _a4874240
_c4874240
100 _a20131026d1982 |||y0rusy50 ca
101 0 _arus
_aaze
102 _aRU
105 _ay |||||||||
200 1 _aСкамья смерти
_eПоэма
_e[О Г. Димитрове]
_fСамед Вургун
_g[Пер. с азерб. Д. Бродского]
210 _aБаку
_cЯзычы
_d1982
215 _a37 с.
_d14
300 _aК 100-летию со дня рождения Г. Димитрова
300 _aТекст парал.: азерб., рус.
700 1 _7ca
_8rus
_aВургун
_bС.
_f1906-1956
_gСамед
_9263676
_3RU\NLR\AUTH\770263732
702 1 _4730
_7ca
_8rus
_aБродский
_bД. Г.
_f1895-1966
_gДавид Григорьевич
_9127066
_3RU\NLR\AUTH\770127090
801 0 _aRU
_bNLR
_gpsbo
801 1 _aRU
_bELAR
_2rusmarc
852 _aNLR
_bОНЛ
942 _cBOOK
980 _aNB